| 000 | 00893nam a22002537a 4500 | ||
|---|---|---|---|
| 005 | 20170123164142.0 | ||
| 010 | _aB-210300 | ||
| 020 |
_a8182990661 _c125.00 |
||
| 035 | _aB-210300 | ||
| 037 | _bCen Lib/Ret | ||
| 040 |
_aDPL _bPN |
||
| 082 |
_aਓ _bਧੀਰਸੰ |
||
| 100 |
_aਧੀਰ, ਸੰਤੋਖ ਸਿੰਘ _95807 |
||
| 245 |
_aਖਿਮਾ / _cਸੰਤੋਖ ਸਿੰਘ ਧੀਰ |
||
| 246 |
_aKhima / _bby Santokh Singh Dhir |
||
| 260 |
_aਦਿੱਲੀ _bਆਰਸੀ ਪਬਲਿਸ਼ਰਜ _c2005 |
||
| 270 |
_aਚਾਂਦਨੀ ਚੈਕ _bਦਿੱਲੀ _e110006 |
||
| 300 |
_a120p ; _c20cm |
||
| 650 |
_aਪੰਜਾਬੀ ਕਹਾਣੀਆ _9135300 |
||
| 650 |
_aਪੰਜਾਬੀ ਸਾਹਿਤਯ _9135301 |
||
| 650 |
_aPunjabi - literature _9135302 |
||
| 650 |
_aPunjabi - Punjabi - story _9135303 |
||
| 942 |
_2ddc _cPN _hਓ _mਧੀਰਸੰ |
||
| 999 |
_c109719 _d109719 |
||